Estatísticas para Mongólia

Clique aqui para jogar o quiz

Estatísticas Gerais

  • Esse quiz foi jogado 8 vezes
  • A pontuação média é 5 de 11

Estatísticas das Respostas

HintResposta% Correto
Onde fica?Ásia
86%
Qual é o seu idioma?Mongol
86%
Com que país faz fronteira a Norte?Rússia
86%
Qual é a sua religião?Budismo
71%
Qual é o seu código ISO?MNG
71%
Qual é a sua principal atividade económica?Agricultura
57%
Qual é a sua bebida típica?Airag
0%
Qual é o estilo de luta mais conhecido no país?Bokh
0%
Qual é o festival mais conhecido?Naadam Festival
0%
Qual é a sua moeda?Tugrik
0%
Qual é a sua capital?Ulã Bator
0%

Distribuição das Pontuações

Percentil de Números Respondidos

Porcentagem de Pessoas com Cada Pontuação

Sua Pontuação Histórica

Você não jogou esse quiz